Principios de crítica
Αποθηκεύτηκε σε:
| Κύριος συγγραφέας: | |
|---|---|
| Μορφή: | Βιβλίο |
| Γλώσσα: | Undetermined |
| Έκδοση: |
San José, Costa Rica
Minerva
1918
|
| Θέματα: | |
| Ετικέτες: |
Προσθήκη ετικέτας
Δεν υπάρχουν, Καταχωρήστε ετικέτα πρώτοι!
|
MARC
| LEADER | 00000nam a2200000Ia 4500 | ||
|---|---|---|---|
| 008 | 170316s9999 xx 000 0 und d | ||
| 090 | |a 801 V-16pr | ||
| 100 | |a Vincenzi, M. | ||
| 245 | |a Principios de crítica | ||
| 260 | |a San José, Costa Rica | ||
| 260 | |b Minerva | ||
| 260 | |c 1918 | ||
| 300 | |a 62 páginas | ||
| 650 | |a TEORÍA LITERARIA | ||
| 650 | |a CRÍTICA LITERARIA-PRINCIPIOS | ||
| 650 | |a ROBERTO BRENES MESÉN | ||
| 999 | |c 20732 |d 20732 | ||
| 040 | |a cru BVZT | ||
| 942 | |c 15 D |h 801 V-16pr |2 z | ||
